Statistics for Countries With Two Borders

Click here to take the quiz!

General Stats

  • This quiz has been taken 2,361 times
  • The average score is 20 of 27

Answer Stats

country% Correct
United States
96%
Sweden
90%
Andorra
87%
Panama
87%
Yemen
86%
Costa Rica
85%
Eswatini
82%
Nepal
82%
Uruguay
82%
Bhutan
81%
Liechtenstein
81%
Belize
80%
Nicaragua
79%
Mongolia
78%
Estonia
77%
United Arab Emirates
76%
El Salvador
74%
Tunisia
73%
Ecuador
72%
Bangladesh
69%
Kuwait
69%
Netherlands
69%
Moldova
67%
Lebanon
63%
Equatorial Guinea
61%
Guinea-Bissau
56%
Sierra Leone
47%

Score Distribution

Percentile by Number Answered

Percent of People with Each Score

Your Score History

You have not taken this quiz